UBT Library

Marketing / (Record no. 39988)

000 -LEADER
fixed length control field 00771cam a2200265 i 4500
001 - CONTROL NUMBER
control field 16373347
005 - DATE AND TIME OF LATEST TRANSACTION
control field 20180110072301.0
008 - FIXED-LENGTH DATA ELEMENTS--GENERAL INFORMATION
fixed length control field 100803s2012 at a b 001 0 eng d
010 ## - LIBRARY OF CONGRESS CONTROL NUMBER
LC control number 2010934025
020 ## - INTERNATIONAL STANDARD BOOK NUMBER
International Standard Book Number 9780538475402
020 ## - INTERNATIONAL STANDARD BOOK NUMBER
International Standard Book Number 0538475404
035 ## - SYSTEM CONTROL NUMBER
System control number (OCoLC)ocn700296087
040 ## - CATALOGING SOURCE
Original cataloging agency ZNC
Language of cataloging eng
Transcribing agency ZNC
Modifying agency BTCTA
-- YDXCP
-- BWX
-- OL$
-- OCLCF
-- OCLCQ
-- DLC
041 ## - LANGUAGE CODE
Language code of text/sound track or separate title eng
042 ## - AUTHENTICATION CODE
Authentication code lccopycat
080 ## - UNIVERSAL DECIMAL CLASSIFICATION NUMBER
Universal Decimal Classification number 658.8
082 04 - DEWEY DECIMAL CLASSIFICATION NUMBER
Classification number 658.8 PRI
Edition number 22
100 1# - Rafti
Rafti 61
101 ## - Shkurtesa
Shkurtesa MKT
245 10 - TITLE STATEMENT
Title Marketing /
Statement of responsibility, etc William M. Pride, O.C. Ferrell.
504 ## - BIBLIOGRAPHY, ETC. NOTE
Bibliography, etc Includes bibliographical references and indexes.
906 ## - LOCAL DATA ELEMENT F, LDF (RLIN)
a 7
b cbc
c copycat
d 2
e ncip
f 20
g y-gencatlg
942 ## - ADDED ENTRY ELEMENTS (KOHA)
Source of classification or shelving scheme
Item type Books
Holdings
Withdrawn status Lost status Source of classification or shelving scheme Damaged status Not for loan Collection code Permanent location Current location Shelving location Date acquired Total Checkouts Full call number Barcode Date last seen Price effective from Koha item type
          Koleksioni i përgjithshem UBT - Lipjan UBT - Lipjan Koleksioni i përgjithshem 01/10/2018   658.8 PRI 002-2994842 01/10/2018 01/10/2018 Books
UBT Library © 2015-2024. All rights reserved University Education for Business and Technology